| 000 | 00445nam a22001337a 4500 | ||
|---|---|---|---|
| 040 | _cNUST | ||
| 082 | _a220 PRO | ||
| 100 |
_aRehan Khalil Muhammad Habibullah Anwar _985462 |
||
| 110 |
_aSponsoring DS: Dr. Mubasher Saleem _985463 |
||
| 245 | _aPR-SOF-2015-Development of Automated Piezoelectric Gripper for Manipulation of Micro Objects | ||
| 260 |
_aISLAMABAD: _bNUST COLLEGE OF EME, _c2021. |
||
| 650 |
_aDE-MTS-39 _985464 |
||
| 942 |
_2ddc _cPR |
||
| 999 |
_c586980 _d586980 |
||